<?xml version="1.0" encoding="UTF-8"?>
<record
    xmlns:xsi="http://www.w3.org/2001/XMLSchema-instance"
    xsi:schemaLocation="http://www.loc.gov/MARC21/slim http://www.loc.gov/standards/marcxml/schema/MARC21slim.xsd"
    xmlns="http://www.loc.gov/MARC21/slim">

  <leader>08456cam a22012374i 4500</leader>
  <controlfield tag="003">PE-LiUPU</controlfield>
  <controlfield tag="005">20250813185350.0</controlfield>
  <controlfield tag="008">150528s2011    sp a    rb    000 0 spa d</controlfield>
  <datafield tag="020" ind1=" " ind2=" ">
    <subfield code="a">9788415274063</subfield>
  </datafield>
  <datafield tag="035" ind1=" " ind2=" ">
    <subfield code="a">(Sirsi) i9788415274063</subfield>
  </datafield>
  <datafield tag="040" ind1=" " ind2=" ">
    <subfield code="a">PE-LiUPU</subfield>
    <subfield code="b">spa</subfield>
    <subfield code="c">PE-LiUPU</subfield>
    <subfield code="e">rda</subfield>
  </datafield>
  <datafield tag="049" ind1=" " ind2=" ">
    <subfield code="a">PRUA</subfield>
  </datafield>
  <datafield tag="082" ind1="0" ind2="4">
    <subfield code="a">333.7962</subfield>
    <subfield code="b">I6</subfield>
  </datafield>
  <datafield tag="245" ind1="0" ind2="0">
    <subfield code="a">Integraci&#xF3;n de energ&#xED;as renovables en edificios /</subfield>
    <subfield code="c">Alfonso Aranda Us&#xF3;n [y otros ocho].</subfield>
  </datafield>
  <datafield tag="250" ind1=" " ind2=" ">
    <subfield code="a">1.a edici&#xF3;n.</subfield>
  </datafield>
  <datafield tag="264" ind1=" " ind2="1">
    <subfield code="a">Zaragoza-Espa&#xF1;a :</subfield>
    <subfield code="b">Prensas Universitarias de Zaragoza,</subfield>
    <subfield code="c">2011.</subfield>
  </datafield>
  <datafield tag="300" ind1=" " ind2=" ">
    <subfield code="a">271 p&#xE1;ginas :</subfield>
    <subfield code="b">ilustraciones ;</subfield>
    <subfield code="c">23 cent&#xED;metros</subfield>
  </datafield>
  <datafield tag="336" ind1=" " ind2=" ">
    <subfield code="a">text</subfield>
    <subfield code="2">rdacontent</subfield>
  </datafield>
  <datafield tag="337" ind1=" " ind2=" ">
    <subfield code="a">unmediated</subfield>
    <subfield code="2">rdamedia</subfield>
  </datafield>
  <datafield tag="338" ind1=" " ind2=" ">
    <subfield code="a">volume</subfield>
    <subfield code="2">rdacarrier</subfield>
  </datafield>
  <datafield tag="490" ind1="0" ind2=" ">
    <subfield code="a">Textos docentes / Prensas Universitarias de Zaragoza. Energ&#xED;as renovables ;</subfield>
    <subfield code="v">193</subfield>
  </datafield>
  <datafield tag="504" ind1=" " ind2=" ">
    <subfield code="a">Bibliograf&#xED;a : p&#xE1;ginas 263-265.</subfield>
  </datafield>
  <datafield tag="505" ind1="0" ind2=" ">
    <subfield code="a">Energ&#xED;a solar fotovoltaica -- Ventajas de integrar sistemas fotovoltaicos en edificios -- Producci&#xF3;n directa de energ&#xED;a el&#xE9;ctrica mediante energ&#xED;a solar Efecto fotovoltaico -- M&#xF3;dulos fotovoltaicos para integraci&#xF3;n en edificios Tecnolog&#xED;as existentes -- M&#xF3;dulos cristalinos -- M&#xF3;dulos de capa fina -- M&#xF3;dulos para integraci&#xF3;n en edificios -- Soluciones para integraci&#xF3;n de m&#xF3;dulos fotovoltaicos -- Instalaciones en cubiertas de edificios -- Instalaciones en azoteas de edificios -- Instalaciones en marquesinas de aparcamientos -- Instalaciones en equipamiento del edificio -- Instalaciones en fachadas -- Componentes de las instalaciones -- Subsistema de captaci&#xF3;n -- Subsistema de regulaci&#xF3;n -- Subsistema de acondicionamiento de potencia -- Subsistema de almacenamiento -- Tipos de instalaciones fotovoltaicas -- Instalaciones aisladas -- Instalaciones conectadas a la red -- Inversor -- Potencia pico -- N&#xFA;mero de m&#xF3;dulos por string -- N&#xFA;mero de string -- Estimaci&#xF3;n de la producci&#xF3;n en instalaciones fotovoltaicas conectadas a la red -- Dise&#xF1;o y operaci&#xF3;n de instalaciones fotovoltaicas en edificios -- Dise&#xF1;o de instalaciones integradas en edificios -- Detecci&#xF3;n de aver&#xED;as en las instalaciones -- Normativa y tramitaci&#xF3;n de las instalaciones -- Normativa aplicable a las instalaciones fotovoltaicas conectadas a la red -- Aspectos econ&#xF3;micos de las instalaciones conectadas a la red -- ENERG&#xCD;A MINI E&#xD3;LICA -- Introducci&#xF3;n a la energ&#xED;a c&#xF3;lica en edificios -- Situaci&#xF3;n actual y barreras para su desarrollo -- Energ&#xED;a mini e&#xF3;lica Definici&#xF3;n -- Motivos para la instalaci&#xF3;n de UWT -- Caracterizaci&#xF3;n del viento -- Potencia e&#xF3;lica y l&#xED;mite de Bentz -- Determinaci&#xF3;n de la velocidad del viento -- Determinaci&#xF3;n de la direccionalidad del viento -- Tipos de turbinas para integraci&#xF3;n en edificios Tecnolog&#xED;as existentes	 -- Turbinas de eje horizontal -- Turbinas de eje vertical -- Otros tipos de turbinas para entornos urbanos -- Dise&#xF1;o de instalaciones c&#xF3;licas en edificios -- Aspectos a considerar en la instalaci&#xF3;n de miniturbinas en edificios -- Planificaci&#xF3;n urbana -- Localizaci&#xF3;n -- Normativa aplicable a las instalaciones c&#xF3;licas en edificios -- Condiciones de dise&#xF1;o -- Normativa sobre el ruido -- Retribuci&#xF3;n -- Futuro de las instalaciones mini e&#xF3;licas -- ENERG&#xCD;A SOLAR T&#xC9;RMICA -- Introducci&#xF3;n a la energ&#xED;a solar t&#xE9;rmica -- Criterios de integraci&#xF3;n en edificios -- Integraci&#xF3;n en cubierta -- Integraci&#xF3;n en fachada -- Integraci&#xF3;n como elementos constituyentes de la composici&#xF3;n arquitect&#xF3;nica -- Tipos de colectores -- Colectores de polipropileno -- Colectores de placa plana -- Colectores de tubos de vac&#xED;o -- Curvas de rendimiento -- Aplicaciones -- Producci&#xF3;n de agua caliente sanitaria (ACS) -- Refrigeraci&#xF3;n solar por absorci&#xF3;n -- Sistema solar termodin&#xE1;mico -- Calefacci&#xF3;n por suelo radiante -- Calentamiento de piscinas -- Nociones generales para el dimensionado de la superficie de captaci&#xF3;n y otros elementos de la instalaci&#xF3;n -- Dimensionado de la superficie de captaci&#xF3;n -- Dimensionado de otros elementos de la instalaci&#xF3;n -- Dep&#xF3;sito acumulador -- Bomba circuladora -- Dep&#xF3;sito de expansi&#xF3;n -- Intercambiador de calor -- Normativa para instalaciones de energ&#xED;a solar t&#xE9;rmica en edificios	 -- ENERG&#xCD;A DE LA BIOMASA -- Introducci&#xF3;n -- Definici&#xF3;n de biomasa -- Utilizaci&#xF3;n de biocombustibles s&#xF3;lidos en edificios -- Ventajas de la integraci&#xF3;n de la biomasa en edificios -- Caracterizaci&#xF3;n de los biocombustibles s&#xF3;lidos Pretratamiento y combusti&#xF3;n -- Caracterizaci&#xF3;n de los biocombustibles s&#xF3;lidos -- Propiedades qu&#xED;micas -- Poder calor&#xED;fico -- Propiedades f&#xED;sicas -- Normativa y estandarizaci&#xF3;n de los biocombustibles s&#xF3;lidos -- Posibles pretratamientos -- Reducci&#xF3;n del tama&#xF1;o -- Reducci&#xF3;n del contenido de humedad -- Densificaci&#xF3;n -- Combusti&#xF3;n: procesos y tecnolog&#xED;as -- Conceptos generales y b&#xFA;squeda de una combusti&#xF3;n eficiente -- Procesos f&#xED;sico-qu&#xED;micos que tienen lugar en la combusti&#xF3;n de biomasa s&#xF3;lida -- Tecnolog&#xED;as de combusti&#xF3;n de biomasa s&#xF3;lida -- Dimensionado de una instalaci&#xF3;n de aprovechamiento energ&#xE9;tico de biomasa -- Definici&#xF3;n de la demanda energ&#xE9;tica por abastecer -- Log&#xED;stica del combustible -- Elecci&#xF3;n del combustible -- Log&#xED;stica de suministro -- Sistemas de almacenamiento -- Selecci&#xF3;n del sistema de conversi&#xF3;n energ&#xE9;tica de la biomasa -- Sistema de alimentaci&#xF3;n del silo a la caldera -- Sistema de conversi&#xF3;n del combustible y transferencia del calor -- Elementos auxiliares Sistema de regulaci&#xF3;n y control -- Mantenimiento de la instalaci&#xF3;n -- Problemas asociados a las cenizas -- Sistemas de limpieza y recolecci&#xF3;n de cenizas -- Producci&#xF3;n combinada de calor, fr&#xED;o y trabajo en el sector residencial -- Producci&#xF3;n de fr&#xED;o -- Generaci&#xF3;n de electricidad en sistemas integrados en edificios -- ENERG&#xCD;A DE LA GEOTERMIA -- Sistemas geot&#xE9;rmicos para la climatizaci&#xF3;n de edificios -- Circuito exterior o primario -- Colectores horizontales enterrados -- Colectores verticales o sondas geot&#xE9;rmicas -- Otros sistemas de captaci&#xF3;n -- Bomba de calor -- Circuito interioro secundario -- Funcionamiento de un sistema geot&#xE9;rmico -- Modo refrigeraci&#xF3;n -- Modo calefacci&#xF3;n -- Dise&#xF1;o de una instalaci&#xF3;n geot&#xE9;rmica -- Tr&#xE1;mites administrativos -- Ventajas e inconvenientes.</subfield>
  </datafield>
  <datafield tag="526" ind1=" " ind2=" ">
    <subfield code="a">P202</subfield>
  </datafield>
  <datafield tag="526" ind1=" " ind2=" ">
    <subfield code="a">P201</subfield>
  </datafield>
  <datafield tag="526" ind1=" " ind2=" ">
    <subfield code="a">P163</subfield>
  </datafield>
  <datafield tag="526" ind1=" " ind2=" ">
    <subfield code="a">P162</subfield>
  </datafield>
  <datafield tag="526" ind1=" " ind2=" ">
    <subfield code="a">P161</subfield>
  </datafield>
  <datafield tag="526" ind1=" " ind2=" ">
    <subfield code="a">P160</subfield>
  </datafield>
  <datafield tag="526" ind1=" " ind2=" ">
    <subfield code="a">P148</subfield>
  </datafield>
  <datafield tag="526" ind1=" " ind2=" ">
    <subfield code="a">P147</subfield>
  </datafield>
  <datafield tag="526" ind1=" " ind2=" ">
    <subfield code="a">P146</subfield>
  </datafield>
  <datafield tag="526" ind1=" " ind2=" ">
    <subfield code="a">P145</subfield>
  </datafield>
  <datafield tag="526" ind1=" " ind2=" ">
    <subfield code="a">P144</subfield>
  </datafield>
  <datafield tag="526" ind1=" " ind2=" ">
    <subfield code="a">P143</subfield>
  </datafield>
  <datafield tag="526" ind1=" " ind2=" ">
    <subfield code="a">P142</subfield>
  </datafield>
  <datafield tag="526" ind1=" " ind2=" ">
    <subfield code="a">P141</subfield>
  </datafield>
  <datafield tag="526" ind1=" " ind2=" ">
    <subfield code="a">P140</subfield>
  </datafield>
  <datafield tag="526" ind1=" " ind2=" ">
    <subfield code="a">P139</subfield>
  </datafield>
  <datafield tag="526" ind1=" " ind2=" ">
    <subfield code="a">P138</subfield>
  </datafield>
  <datafield tag="526" ind1=" " ind2=" ">
    <subfield code="a">P137</subfield>
  </datafield>
  <datafield tag="526" ind1=" " ind2=" ">
    <subfield code="a">P136</subfield>
  </datafield>
  <datafield tag="526" ind1=" " ind2=" ">
    <subfield code="a">P135</subfield>
  </datafield>
  <datafield tag="526" ind1=" " ind2=" ">
    <subfield code="a">P134</subfield>
  </datafield>
  <datafield tag="526" ind1=" " ind2=" ">
    <subfield code="a">P133</subfield>
  </datafield>
  <datafield tag="526" ind1=" " ind2=" ">
    <subfield code="a">P129</subfield>
  </datafield>
  <datafield tag="526" ind1=" " ind2=" ">
    <subfield code="a">P128</subfield>
  </datafield>
  <datafield tag="526" ind1=" " ind2=" ">
    <subfield code="a">P127</subfield>
  </datafield>
  <datafield tag="526" ind1=" " ind2=" ">
    <subfield code="a">P120</subfield>
  </datafield>
  <datafield tag="526" ind1=" " ind2=" ">
    <subfield code="a">P119</subfield>
  </datafield>
  <datafield tag="526" ind1=" " ind2=" ">
    <subfield code="a">P118</subfield>
  </datafield>
  <datafield tag="526" ind1=" " ind2=" ">
    <subfield code="a">P116</subfield>
  </datafield>
  <datafield tag="526" ind1=" " ind2=" ">
    <subfield code="a">P115</subfield>
  </datafield>
  <datafield tag="526" ind1=" " ind2=" ">
    <subfield code="a">P114</subfield>
  </datafield>
  <datafield tag="526" ind1=" " ind2=" ">
    <subfield code="a">P110</subfield>
  </datafield>
  <datafield tag="526" ind1=" " ind2=" ">
    <subfield code="a">P109</subfield>
  </datafield>
  <datafield tag="526" ind1=" " ind2=" ">
    <subfield code="a">P108</subfield>
  </datafield>
  <datafield tag="526" ind1=" " ind2=" ">
    <subfield code="a">P104</subfield>
  </datafield>
  <datafield tag="526" ind1=" " ind2=" ">
    <subfield code="a">P103</subfield>
  </datafield>
  <datafield tag="526" ind1=" " ind2=" ">
    <subfield code="a">P102</subfield>
  </datafield>
  <datafield tag="526" ind1=" " ind2=" ">
    <subfield code="a">P99</subfield>
  </datafield>
  <datafield tag="526" ind1=" " ind2=" ">
    <subfield code="a">P98</subfield>
  </datafield>
  <datafield tag="526" ind1=" " ind2=" ">
    <subfield code="a">P97</subfield>
  </datafield>
  <datafield tag="526" ind1=" " ind2=" ">
    <subfield code="a">P96</subfield>
  </datafield>
  <datafield tag="526" ind1=" " ind2=" ">
    <subfield code="a">P95</subfield>
  </datafield>
  <datafield tag="526" ind1=" " ind2=" ">
    <subfield code="a">P93</subfield>
  </datafield>
  <datafield tag="526" ind1=" " ind2=" ">
    <subfield code="a">P90</subfield>
  </datafield>
  <datafield tag="526" ind1=" " ind2=" ">
    <subfield code="a">P89</subfield>
  </datafield>
  <datafield tag="526" ind1=" " ind2=" ">
    <subfield code="a">P88</subfield>
  </datafield>
  <datafield tag="526" ind1=" " ind2=" ">
    <subfield code="a">P83</subfield>
  </datafield>
  <datafield tag="526" ind1=" " ind2=" ">
    <subfield code="a">P82</subfield>
  </datafield>
  <datafield tag="526" ind1=" " ind2=" ">
    <subfield code="a">P62</subfield>
  </datafield>
  <datafield tag="526" ind1=" " ind2=" ">
    <subfield code="a">P59</subfield>
  </datafield>
  <datafield tag="526" ind1=" " ind2=" ">
    <subfield code="a">P58</subfield>
  </datafield>
  <datafield tag="526" ind1=" " ind2=" ">
    <subfield code="a">P57</subfield>
  </datafield>
  <datafield tag="526" ind1=" " ind2=" ">
    <subfield code="a">P51</subfield>
  </datafield>
  <datafield tag="526" ind1=" " ind2=" ">
    <subfield code="a">P49</subfield>
  </datafield>
  <datafield tag="526" ind1=" " ind2=" ">
    <subfield code="a">P48</subfield>
  </datafield>
  <datafield tag="526" ind1=" " ind2=" ">
    <subfield code="a">P47</subfield>
  </datafield>
  <datafield tag="526" ind1=" " ind2=" ">
    <subfield code="a">P29</subfield>
  </datafield>
  <datafield tag="526" ind1=" " ind2=" ">
    <subfield code="a">P24</subfield>
  </datafield>
  <datafield tag="526" ind1=" " ind2=" ">
    <subfield code="a">P20</subfield>
  </datafield>
  <datafield tag="526" ind1=" " ind2=" ">
    <subfield code="a">P19</subfield>
  </datafield>
  <datafield tag="526" ind1=" " ind2=" ">
    <subfield code="a">P17</subfield>
  </datafield>
  <datafield tag="526" ind1=" " ind2=" ">
    <subfield code="a">P15</subfield>
  </datafield>
  <datafield tag="526" ind1=" " ind2=" ">
    <subfield code="a">P14</subfield>
  </datafield>
  <datafield tag="526" ind1=" " ind2=" ">
    <subfield code="a">P12</subfield>
  </datafield>
  <datafield tag="526" ind1=" " ind2=" ">
    <subfield code="a">P10</subfield>
  </datafield>
  <datafield tag="526" ind1=" " ind2=" ">
    <subfield code="a">P09</subfield>
  </datafield>
  <datafield tag="526" ind1=" " ind2=" ">
    <subfield code="a">P08</subfield>
  </datafield>
  <datafield tag="526" ind1=" " ind2=" ">
    <subfield code="a">P07</subfield>
  </datafield>
  <datafield tag="526" ind1=" " ind2=" ">
    <subfield code="a">P06</subfield>
  </datafield>
  <datafield tag="526" ind1=" " ind2=" ">
    <subfield code="a">P05</subfield>
  </datafield>
  <datafield tag="526" ind1=" " ind2=" ">
    <subfield code="a">P04</subfield>
  </datafield>
  <datafield tag="526" ind1=" " ind2=" ">
    <subfield code="a">P01</subfield>
  </datafield>
  <datafield tag="541" ind1=" " ind2=" ">
    <subfield code="g">043-0014406;</subfield>
  </datafield>
  <datafield tag="650" ind1=" " ind2="7">
    <subfield code="a">Edificios</subfield>
    <subfield code="x">Ahorro de energ&#xED;a.</subfield>
    <subfield code="2">embne</subfield>
  </datafield>
  <datafield tag="650" ind1=" " ind2="7">
    <subfield code="a">Recursos energ&#xE9;ticos renovables.</subfield>
    <subfield code="2">embne</subfield>
  </datafield>
  <datafield tag="700" ind1="1" ind2=" ">
    <subfield code="a">Aranda Us&#xF3;n, Jos&#xE9; Alfonso,</subfield>
    <subfield code="e">coordinador.</subfield>
  </datafield>
  <datafield tag="910" ind1=" " ind2=" ">
    <subfield code="a">rdg</subfield>
    <subfield code="b">jck</subfield>
    <subfield code="c">rdg</subfield>
    <subfield code="d">20150528</subfield>
  </datafield>
  <datafield tag="942" ind1=" " ind2=" ">
    <subfield code="2">ddc</subfield>
    <subfield code="c">BOOK</subfield>
  </datafield>
  <datafield tag="949" ind1=" " ind2=" ">
    <subfield code="a">333.7962 I6</subfield>
    <subfield code="w">DEWEY</subfield>
    <subfield code="c">1</subfield>
    <subfield code="i">71303</subfield>
    <subfield code="d">2016-5-6</subfield>
    <subfield code="e">2016-5-2</subfield>
    <subfield code="l">CCODEBUL1</subfield>
    <subfield code="m">BUL</subfield>
    <subfield code="n">2</subfield>
    <subfield code="p">24.03</subfield>
    <subfield code="r">0</subfield>
    <subfield code="s">Y</subfield>
    <subfield code="t">BOOK</subfield>
    <subfield code="u">2015-5-28</subfield>
    <subfield code="x">INGENIERIA</subfield>
    <subfield code="P">P24</subfield>
    <subfield code="0">COMPRA</subfield>
    <subfield code="o">.STAFF. Colecci&#xF3;n General</subfield>
  </datafield>
  <datafield tag="994" ind1=" " ind2=" ">
    <subfield code="a">C0</subfield>
    <subfield code="b">PEPRU</subfield>
  </datafield>
  <datafield tag="596" ind1=" " ind2=" ">
    <subfield code="a">1</subfield>
  </datafield>
  <datafield tag="999" ind1=" " ind2=" ">
    <subfield code="a">333.7962 I6</subfield>
    <subfield code="w">DEWEY</subfield>
    <subfield code="c">20079</subfield>
    <subfield code="i">71303</subfield>
    <subfield code="d">20079</subfield>
    <subfield code="e">2017-6-30</subfield>
    <subfield code="f">2021-11-9</subfield>
    <subfield code="g">7</subfield>
    <subfield code="l">CCODEBUL1</subfield>
    <subfield code="m">BUL</subfield>
    <subfield code="n">3</subfield>
    <subfield code="p">24.03</subfield>
    <subfield code="q">1</subfield>
    <subfield code="r">0</subfield>
    <subfield code="s">Y</subfield>
    <subfield code="t">BOOK</subfield>
    <subfield code="u">2015-5-28</subfield>
    <subfield code="x">INGENIERIA</subfield>
    <subfield code="P">P24</subfield>
    <subfield code="0">COMPRA</subfield>
    <subfield code="o">.STAFF. Colecci&#xF3;n General</subfield>
  </datafield>
  <datafield tag="980" ind1=" " ind2=" ">
    <subfield code="8">1</subfield>
    <subfield code="g">ALBERTO SANCHEZ Responsable de Automatizaci&#xF3;n</subfield>
  </datafield>
  <datafield tag="952" ind1=" " ind2=" ">
    <subfield code="r">2025-12-02 00:00:00</subfield>
    <subfield code="i">8</subfield>
    <subfield code="l">3</subfield>
    <subfield code="o">333.7962 I6</subfield>
    <subfield code="p">71303</subfield>
    <subfield code="s">2017-06-30</subfield>
    <subfield code="t">e1</subfield>
    <subfield code="v">29.03</subfield>
    <subfield code="w">2015-05-28</subfield>
    <subfield code="x">FIA</subfield>
    <subfield code="y">BK</subfield>
    <subfield code="z">inventario-2023-12-13</subfield>
    <subfield code="1">0</subfield>
    <subfield code="2">ddc</subfield>
    <subfield code="5">0</subfield>
    <subfield code="7">0</subfield>
    <subfield code="8">GEN</subfield>
    <subfield code="f">P24</subfield>
    <subfield code="a">BUL</subfield>
    <subfield code="b">BUL</subfield>
    <subfield code="c">GEN</subfield>
    <subfield code="d">2015-05-28</subfield>
    <subfield code="e">COMPRA</subfield>
    <subfield code="g">24.03</subfield>
  </datafield>
</record>
